Art and the law (Record no. 75510)
[ view plain ]
| 000 -LEADER | |
|---|---|
| fixed length control field | 01027cab a2200205 4500 |
| 001 - CONTROL NUMBER | |
| control field | L130241 |
| 008 - FIXED-LENGTH DATA ELEMENTS--GENERAL INFORMATION | |
| fixed length control field | 050704n2005 000 0 eng u |
| 035 ## - SYSTEM CONTROL NUMBER | |
| System control number | (Sirsi) u130241 |
| 041 ## - LANGUAGE CODE | |
| Language code of text/sound track or separate title | eng |
| 100 ## - MAIN ENTRY--PERSONAL NAME | |
| Personal name | Langdon-Down, Grania |
| 245 ## - TITLE STATEMENT | |
| Title | Art and the law |
| 260 ## - PUBLICATION, DISTRIBUTION, ETC. | |
| Date of publication, distribution, etc. | 2005 |
| 490 ## - SERIES STATEMENT | |
| Series statement | Law Society's Gazette |
| Volume/sequential designation | 102(25) 23 June 2005, 26-29(4) |
| 520 ## - SUMMARY, ETC. | |
| Summary, etc. | Two articles looking at issues in art law. "Culture club" looks at the high-profile issues in art law and the views of the firms that dealt with them. Includes Christie's sale of the Houghton vases, the dispute over the exportation of Canova's Three Graces, the repatriation of art, the Momart warehouse fire, art containing material from endangered species and the resale right, droit de suite. The second article, "Firms are in the frame", looks at the current interest in legal paintings, painters and collectors. |
| 590 ## - LOCAL NOTE (RLIN) | |
| Local note | IKA190705 |
| 650 24 - SUBJECT ADDED ENTRY--TOPICAL TERM | |
| Topical term or geographic name entry element | DIRECTIVE 2001/84/EC |
| 651 #4 - SUBJECT ADDED ENTRY--GEOGRAPHIC NAME | |
| Geographic name | United Kingdom |
| Chronological subdivision | |
| 690 ## - LOCAL SUBJECT ADDED ENTRY--TOPICAL TERM (OCLC, RLIN) | |
| Topical term or geographic name as entry element | Arts and antiques |
| 9 (RLIN) | 6217 |
| 942 ## - ADDED ENTRY ELEMENTS (KOHA) | |
| Suppress in OPAC | 0 |
| Withdrawn status | Lost status | Source of classification or shelving scheme | Damaged status | Not for loan | Home library | Current library | Shelving location | Date acquired | Total Checkouts | Full call number | Barcode | Date last seen | Copy number | Price effective from | Koha item type |
|---|---|---|---|---|---|---|---|---|---|---|---|---|---|---|---|
| Dewey Decimal Classification | London | London | Journal article | 04/07/2005 | L130241 | 130241-1001 | 06/08/2019 | 1 | 06/08/2019 | Journal article |